Periodismo ambiental

Chi tiết về thư mục
Tác giả chính: Lemos, Lucía
Định dạng: Bài viết
Ngôn ngữ:Spanish
Những chủ đề:

MARC

LEADER 00000csb a2200000 a 4500
003 Ucuenca
005 20230308201557.0
008 000000| ||||||||r|||||||||||spa||
040 |b spa 
041 1 |a spa 
082 0 |a 070.05  |b C386ch 
100 1 |a Lemos, Lucía  |9 40801 
245 |a Periodismo ambiental  |c Lucía Lemos  |h imp 
264 |a Quito  |b CIESPAL  |c 1996 
300 |a páginas: 17-27 
362 |a no. 19 (marzo 1996) 
650 1 4 |a Periodismo  |9 635 
650 1 0 |a Medio ambiente  |9 351 
650 1 0 |a Revista de Comunicación Social  |9 175063 
650 1 |a Cuadernos de chasqui  |9 178614 
852 |a UC-CDJBV  |f Compra  |k npena  |l 1  |m General  |p 00000000  |r 2  |b 0  |d CDRC  |e CDRC  |g 070.05 C386ch TERCER PISO (SECCION REVISTAS)  |z 0000-00-00 
942 |c SERA 
773 0 |0 139250  |9 114193  |a Centro Internacional de Estudios Superiores de Comunicación para América Latina  |d Quito CIESPAL Marzo 1996  |o 67581-19  |t Cuadernos de Chasqui. Revista Latinoamericana de Comunicación  |w (Ucuenca)67581-19 
999 |c 96723  |d 96723